000 005160000a22001810004500
003 MACL
005 20150729163920.0
008 150729b xxu||||| |||| 00| 0 eng d
040 _aMACL
_cMACL
041 _aEnglish
082 _a352.63/ABR
100 _aAbraham, P
_92852
245 _aFrom Powerless Village to Union Power Secretary
_bMemoirs of An IAS Officer
260 _bConcept Publishing Company
_c2009
_aNew Delhi
350 _a500
650 _aPublic Administration
_92275
942 _cBK
_k352.63/ABR
_2ddc
999 _c42937
_d42937